LEADER 00892nam a2200205 i 4500 001 000000171058 003 CaOOAMICUS 005 20080417000000.0 008 080417s1940 it u000 u ita u 013 $a148482 040 $aSeMil$bita 100 1 $aFernandez de Moratin, Leandro.$0(OLS)http://semarc/name/63991 245 13$aIl "si" delle ragazze. La santocchia /$cL. Fernāndez de Moratin ; A cura di Camillo Berra. 260 $aTorino :$bUnione Tipografico-Editrice Torinese,$c1940. 300 $a341 p., [1] p. di ritratto ;$c19 cm. 700 1 $aBerra, Camillo.$0(OLS)http://semarc/name/8825 850 $aSeMil 852 $aSeMil$W1$xVenegono$y1$m1W II 91$j121935$B121935$CSeMilBibl$Z2$F133169 $81 996 $6245$aIl "si" delle ragazze. La santocchia$9(OLS)http://semarc/title/244705 996 $6260$aTorino :$bUnione Tipografico-Editrice Torinese$9(OLS)http://semarc/publisher/29628 LEADER 00993nam a2200217 4500 001 000000347407 003 CaOOAMICUS 005 20210824155741.0 008 210824s1896 it 000 u ita r 040 $aSeMil$bita 100 1 $aRossi, Alessandro <1819-1898>.$0(OLS)http://semarc/name/35005 245 13$aLa massoneria :$bPoema comi-tragico di 33 strofe, 333 versi /$cSenatore Alessandro Rossi. 264 1$aFirenze :$bRassegna Nazionale,$c1896. 300 $a43 p., [9] p. di tav. ;$c23 cm 500 $aEstratto dalla: Rassegna Nazionale, Supplemento al Fascicolo del 16 Settembre 1896 650 4$aMassoneria.$0(OLS)http://semarc/subject/2383 850 $aSeMil 852 $aSeMil$W1$xVenegono$y1$m5A VI 7/20$j228149$B238480$CSeMilBibl$Z2$F238480 $8I 996 $6245$aLa massoneria :$bPoema comi-tragico di 33 strofe, 333 versi$9(OLS)http://semarc/title/436679 996 $6264$aFirenze :$bRassegna Nazionale$9(OLS)http://semarc/publisher/52371 LEADER 01359nam a2200313 i 4500 001 000000228476 003 CaOOAMICUS 005 20190823151704.0 008 140331s2013 it u000 u ita u 013 $a207378 020 $a978-88-89667-52-1 040 $aSeMil$bita 100 1 $aSchmemann, Alexander,$d<1921-1983>.$0(OLS)http://semarc/name/38334 240 10$aLiturgy and tradition.$0(OLS)http://semarc/title/327061 245 10$aLiturgia e tradizione :$bper una cultura della vita nuova /$cAlexander Schmemann. 260 $aRoma :$bLipa,$c2013. 300 $a174 p. ;$c21 cm. 490 0 $aPubblicazioni del Centro Aletti 650 4$aLiturgia - Pastorale.$0(OLS)http://semarc/subject/1999 650 4$aLiturgia - Teologia.$0(OLS)http://semarc/subject/12266 650 4$aLiturgia - Celebrazione.$0(OLS)http://semarc/subject/12890 830 0$aPubblicazioni del Centro Aletti.$0(OLS)http://semarc/title/9229 850 $aSeMil 852 $aSeMil$W1$xVenegono$y1$m3K VI 348$j178822$B178822$CSeMilBibl$Z2$F189919 $81 961 $aOmaggio: Martinelli don Romano 996 $6020$a978-88-89667-52-1$9(OLS)http://semarc/number/230577 996 $6245$aLiturgia e tradizione :$bper una cultura della vita nuova$9(OLS)http://semarc/title/327060 996 $6260$aRoma :$bLipa$9(OLS)http://semarc/publisher/31573